00714nam a22002177a 450000500170000001000130001702000230003003500130005303700160006604000120008208200150009410000200010924501170012926000460024627000480029230000260034050000440036665000210041065000450043170000200047620170124110204.0 aA-950379 c295.00a8120313925 aA-950379 bCen Lib/Ret aDPLbEN a005.3bCAL aCalabria, Jane  aMicrosoft office user specialist :cby Jane Calabria [and] Dorothy Burke bmicrosoft power point 97 exam guide / aNew Delhi bPrentice Hall of India c1997 bNew Delhi aM-97, connaught circus e110001 axvii, 328p.c21cm(Hb) aIncludes appendix, glossary and index  aComputer science aSoftware application (MS Office)vGuide  aBurke, Dorothy